Versos decaglotas, 1919-1940 (Record no. 9680)

MARC details
000 -CABECERA
campo de control de longitud fija 00590nam a2200229 a 4500
001 - NÚMERO DE CONTROL
campo de control BRL_868
005 - FECHA Y HORA DE LA ÚLTIMA TRANSACCIÓN
campo de control 20190320210930.0
008 - DATOS DE LONGITUD FIJA--INFORMACIÓN GENERAL
campo de control de longitud fija 211013s1964----mx-#######---#000-p#spa-#
041 ## - CÓDIGO DE LENGUA
Código de lengua del texto/banda sonora o título independiente spa
044 ## - CÓDIGO DEL PAÍS DE LA ENTIDAD EDITORA/PRODUCTORA
Código MARC del país mx
050 #4 - SIGNATURA TOPOGRÁFICA DE LA BIBLIOTECA DEL CONGRESO
Número de clasificación PQ7297
Número de documento/Ítem .T53 1964
100 1# - ENTRADA PRINCIPAL--NOMBRE DE PERSONA
Nombre de persona Tibón, Gutierre
9 (RLIN) 22612
245 10 - MENCIÓN DE TÍTULO
Título Versos decaglotas, 1919-1940
Mención de responsabilidad, etc. Gutierre Tibón.
260 ## - PUBLICACIÓN, DISTRIBUCIÓN, ETC.
Lugar de publicación, distribución, etc. México
Nombre del editor, distribuidor, etc. Editorial Améxica
Fecha de publicación, distribución, etc. 1964
300 ## - DESCRIPCIÓN FÍSICA
Extensión 46 p.
Dimensiones 24 p.
500 ## - NOTA GENERAL
Nota general Au963
500 ## - NOTA GENERAL
Nota general Incluye dedicatoria a Ruth Lechuga
500 ## - NOTA GENERAL
Nota general Ejemplar intonso
650 14 - PUNTO DE ACCESO ADICIONAL DE MATERIA--TÉRMINO DE MATERIA
Término de materia o nombre geográfico como elemento de entrada Poesía
9 (RLIN) 17631
902 ## - CATALOGADOR
Iniciales GRL
942 ## - ELEMENTOS DE PUNTO DE ACCESO ADICIONAL (KOHA)
Fuente del sistema de clasificación o colocación Library of Congress Classification
Tipo de ítem Koha Libros
Holdings
Estado de retiro Estado de pérdida Estado dañado No para préstamo Localización permanente Ubicación/localización actual Fecha de adquisición Número de inventario Total de préstamos Signatura topográfica completa Código de barras Fecha visto por última vez Precio válido a partir de Tipo de ítem Koha
El ejemplar forma parte de la colección y puede ser consultado según las políticas vigentes.       Biblioteca Centro de Estudios Ruth D. Lechuga Biblioteca Centro de Estudios Ruth D. Lechuga 21/10/2013 Au963   PQ7297 .T53 1964 (Au963) GRL00937 22/03/2019 22/03/2019 Libros